Fire Emblem Characters in Smash Ultimate Quiz - Statistics

General Stats
  • This quiz has been taken 91 times
  • The average score is 8 of 8
Answer Stats
# Character % Correct
25ε Chrom
100%
62 Corrin
99%
21ε Lucina
99%
21 Marth
99%
56 Robin
99%
25 Roy
99%
32 Ike
97%
75 Byleth
95%
No matching quizzes found
Score Distribution
Percent of People with Each Score
Percentile by Number Answered
Your Score History
You have not taken this quiz